LEADER 00957nam0-2200337---450- 001 990008790680403321 005 20091126150241.0 010 $a88-299-1816-4 035 $a000879068 035 $aFED01000879068 035 $a(Aleph)000879068FED01 035 $a000879068 100 $a20090114d2006----km-y0itay50------ba 101 0 $aita 102 $aIT 105 $aa-------001yy 200 1 $aIntroduzione alla biodiversità del mondo vegetale$fF. Grassi, M. Labra, F. Sala 210 $aPadova$cPiccin$d©2006 215 $a88 p.$cill.$d23 cm 610 0 $aBiodiversità 676 $a581.35 700 1$aGrassi,$bFabrizio$0431259 701 1$aSala,$bFrancesco$081881 701 1$aLabra,$bMassimo$0431260 801 0$aIT$bUNINA$gRICA$2UNIMARC 901 $aBK 912 $a990008790680403321 952 $a581.35-GRA-1$b4587$fSC1 959 $aSC1 996 $aIntroduzione alla biodiversità del mondo vegetale$9808126 997 $aUNINA LEADER 02030nas 2200601-a 450 001 996450453303316 005 20230227213019.0 011 $a0835-9148 035 $a(OCoLC)49845716 035 $a(CKB)111056649140342 035 $a(CONSER)ce2003790075 035 $a(EXLCZ)99111056649140342 100 $a20020522b19882008 sa- a 101 0 $aeng 135 $aurcn||||||||| 181 $ctxt$2rdacontent 182 $cc$2rdamedia 183 $acr$2rdacarrier 200 10$aCanadian economic observer =$eL'observateur économique canadien 210 $aOttawa $cStatistics Canada = Statistique Canada$d©1988- 300 $aRefereed/Peer-reviewed 300 $aTitle from title screen. 300 $aArchived by the National Library of Canada. 311 $a1705-0189 517 3 $aObservateur économique canadien 517 1 $aCEO 531 $aCANADA STATISTICS CANADA CANADIAN ECONOMIC OBSERVER 531 0 $aCan. econ. obs. 531 0 $aCan. econ. obs. 606 $aEconomic history$2fast$3(OCoLC)fst00901974 607 $aCanada$xEconomic conditions$y1991-$vStatistics$vPeriodicals 607 $aCanada$xEconomic conditions$y1991-$vPeriodicals 607 $aCanada$xEconomic conditions$vStatistics$vPeriodicals 607 $aCanada$xConditions économiques$vStatistiques$vPériodiques 607 $aCanada$xConditions économiques$y1991-$vStatistiques$vPériodiques 607 $aCanada$xConditions économiques$y1991-$vPériodiques 607 $aCanada$2fast 608 $aPeriodical 608 $aStatistics 608 $aperiodicals.$2aat 608 $aPeriodicals.$2fast 608 $aStatistics.$2fast 608 $aPeriodicals.$2lcgft 608 $aStatistics.$2lcgft 608 $aPériodiques.$2rvmgf 608 $aStatistiques.$2rvmgf 615 7$aEconomic history. 676 $a330.971/0648/021 712 02$aStatistics Canada. 906 $aJOURNAL 912 $a996450453303316 996 $aCanadian economic observer$92567649 997 $aUNISA